Bagaimana mikropemproses berfungsi : (Record no. 296)
[ view plain ]
| 000 -LEADER | |
|---|---|
| fixed length control field | nam a22 a 4500 |
| 003 - CONTROL NUMBER IDENTIFIER | |
| control field | AKMAL |
| 005 - DATE AND TIME OF LATEST TRANSACTION | |
| control field | 20170503101529.0 |
| 008 - FIXED-LENGTH DATA ELEMENTS--GENERAL INFORMATION | |
| fixed length control field | 170503t1997 my a e 00 may d |
| 020 ## - INTERNATIONAL STANDARD BOOK NUMBER | |
| International Standard Book Number | 9838996874 (kkt.): |
| Terms of availability | RM25.90 |
| 040 ## - CATALOGING SOURCE | |
| Original cataloging agency | AKMAL |
| 082 04 - DEWEY DECIMAL CLASSIFICATION NUMBER | |
| Classification number | 004.3 WYA |
| Edition number | 22 |
| 090 00 - LOCALLY ASSIGNED LC-TYPE CALL NUMBER (OCLC); LOCAL CALL NUMBER (RLIN) | |
| Classification number (OCLC) (R) ; Classification number, CALL (RLIN) (NR) | 004.3 |
| Local cutter number (OCLC) ; Book number/undivided call number, CALL (RLIN) | WYA |
| 100 1# - MAIN ENTRY--PERSONAL NAME | |
| Personal name | Wyant, Gregg |
| 9 (RLIN) | 654 |
| 245 10 - TITLE STATEMENT | |
| Title | Bagaimana mikropemproses berfungsi : |
| Remainder of title | Gregg Wyant & Tucker Hammerstrom / |
| Statement of responsibility, etc. | illustrasi oleh K. Daniel Clark |
| 250 ## - EDITION STATEMENT | |
| Edition statement | Malaysia ed. |
| 260 ## - PUBLICATION, DISTRIBUTION, ETC. | |
| Place of publication, distribution, etc. | Kuala Lumpur : |
| Name of publisher, distributor, etc. | S. Abdul Majeed, |
| Date of publication, distribution, etc. | 1997 |
| 300 ## - PHYSICAL DESCRIPTION | |
| Extent | 208ms. : |
| Other physical details | il. wrn. ; |
| Dimensions | 26cm |
| 650 #0 - SUBJECT ADDED ENTRY--TOPICAL TERM | |
| Topical term or geographic name entry element | Microprocessors |
| General subdivision | Design and construction |
| 9 (RLIN) | 655 |
| 700 1# - ADDED ENTRY--PERSONAL NAME | |
| Personal name | Hammerstrom, Tucker |
| 9 (RLIN) | 656 |
| 700 1# - ADDED ENTRY--PERSONAL NAME | |
| Personal name | Clark, K. Daniel |
| 9 (RLIN) | 657 |
| 942 ## - ADDED ENTRY ELEMENTS (KOHA) | |
| Source of classification or shelving scheme | |
| Koha item type | Book |
| Withdrawn status | Lost status | Source of classification or shelving scheme | Damaged status | Not for loan | Collection code | Home library | Current library | Shelving location | Date acquired | Inventory number | Total Checkouts | Full call number | Barcode | Date last seen | Price effective from | Koha item type |
|---|---|---|---|---|---|---|---|---|---|---|---|---|---|---|---|---|
| NON-FICTION | AKMAL Melaka | AKMAL Melaka | PINJAMAN | 03.05.2017 | 00562 | 004.3 WYA | 201701209.0 | 03.05.2017 | 03.05.2017 | Book |
